پاکستان میں حزب اختلاف کی سیاست (Record no. 554369)
[ view plain ]
| 000 -LEADER | |
|---|---|
| fixed length control field | 00492nam a22001337a 4500 |
| 082 ## - DEWEY DECIMAL CLASSIFICATION NUMBER | |
| Classification number | 954.91 |
| Author Mark | MAL |
| -- | N-02,P-100 |
| 100 ## - MAIN ENTRY--PERSONAL NAME | |
| Personal name | Malik, Dr Nadeem Shafiq |
| 9 (RLIN) | 51823 |
| 245 ## - TITLE STATEMENT | |
| Title | پاکستان میں حزب اختلاف کی سیاست |
| Remainder of title | Air Marshal (r) Asghar khan tahreek istaqlal aur zulfiqar ali bhatto ka dore hakamot 1971 ta 1977 |
| 260 ## - PUBLICATION, DISTRIBUTION, ETC. | |
| Place of publication, distribution, etc. | Lahore, |
| Name of publisher, distributor, etc. | Fiction house, |
| Date of publication, distribution, etc. | 2016. |
| 300 ## - PHYSICAL DESCRIPTION | |
| Extent | 144p. |
| 526 ## - STUDY PROGRAM INFORMATION NOTE | |
| Program name | 0 |
| Interest level | 0 |
| Reading level | 0 |
| Title point value | 954_910000000000000_MAL |
| 650 ## - SUBJECT ADDED ENTRY--TOPICAL TERM | |
| Topical term or geographic name entry element | Politics |
| 9 (RLIN) | 51824 |
| 942 ## - ADDED ENTRY ELEMENTS (KOHA) | |
| Source of classification or shelving scheme | |
| Koha item type | Book |
| Withdrawn status | Lost status | Source of classification or shelving scheme | Damaged status | Not for loan | Permanent Location | Current Location | Date acquired | Total Checkouts | Full call number | Barcode | Date last seen | Price effective from | Koha item type |
|---|---|---|---|---|---|---|---|---|---|---|---|---|---|
| Military College of Engineering (MCE) | Military College of Engineering (MCE) | 06/24/2020 | 954.91 MAL | MCE-51471 | 06/24/2020 | 03/14/2021 | Book |
